000
00265nam a2200097Ia 4500
001
650244
005
20250826154355.0
008
250824s9999 xx 000 0 und d
245
0
_a
YERALTINDAN NOTLAR ANTİK YENİ
_c
DOSTOYEVSKİ
260
_b
ANTİK DÜNYA KLASİKLERİ
999
_c
650244
_d
650244